Prvý dojem je len raz

Oblasť kreatívnej polygrafie je v poslednom období dôležitou súčasťou marketingu s cieľom podporiť predaj produktov alebo služieb. Leták sa považuje za najsilnejší komunikačný kanál, prostredníctvom ktorého môže firma odkomunikovať akciové ponuky. Populárne sú aj pozvánky alebo vkladačky do časopiso...

Description complète

Enregistré dans:
Détails bibliographiques
Auteur principal: Petrášová, Michaela
Format: Chapitre de livre
Langue:slovaque
Sujets:
Tags: Ajouter un tag
Pas de tags, Soyez le premier à ajouter un tag!

MARC

LEADER 00000naa a2200000 4500
001 0250128
005 20190114151850.6
041 0 |a slo 
044 |a SK 
245 1 0 |a Prvý dojem je len raz  |c Michaela Petrášová 
520 |a Oblasť kreatívnej polygrafie je v poslednom období dôležitou súčasťou marketingu s cieľom podporiť predaj produktov alebo služieb. Leták sa považuje za najsilnejší komunikačný kanál, prostredníctvom ktorého môže firma odkomunikovať akciové ponuky. Populárne sú aj pozvánky alebo vkladačky do časopisov či grafika s QR kódom. Okrem kvalitnej tlače je trendom zušľachťovanie tlačových materiálov. Základným znakom je originalita. Ekológia v tlači. 
610 2 0 |a komunikácia marketingová 
610 2 0 |a obchod 
610 2 0 |a služby 
610 2 0 |a propagácia 
610 2 0 |a reklama 
610 2 0 |a dizajn 
610 2 0 |a prostriedky reklamné 
100 1 |a Petrášová, Michaela